00478nam a2200193 a 4500001001300000003000900013005001700022008004100039020001000080082001300090100001400103245003300117260004100150300000900191500003500200505001000235650002500245700001400270nice12345678IN_TiNIC20260116012617.0050524s1991 newa grp 000 0 eng  ac15000a291bBOS aBose, K S aTheory of Religious Thought. aNew DelhibSterling Publishersc1991 a134p aincludes index and biblioraphy2 aIndex aComparative Religion1 aBose, K S